Report of the Comptroller and Auditor General of India on union territory finances, Puducherry (Record no. 491897)

000 -LEADER
fixed length control field 00526cam a22001217a 4500
008 - FIXED-LENGTH DATA ELEMENTS--GENERAL INFORMATION
fixed length control field 180718b-- xxu||||| |||| 00| 0 eng d
082 ## - DEWEY DECIMAL CLASSIFICATION NUMBER
Classification number L906x54521
245 ## - TITLE STATEMENT
Title Report of the Comptroller and Auditor General of India on union territory finances, Puducherry
Statement of responsibility, etc. by Comptroller and Auditor general of India, Puducherry
260 ## - PUBLICATION, DISTRIBUTION, ETC.
Place of publication, distribution, etc. Puducherry
Name of publisher, distributor, etc. Comptroller and Auditor General of India
Date of publication, distribution, etc. --
500 ## - GENERAL NOTE
General note Library has 2008/09
650 ## - SUBJECT ADDED ENTRY--TOPICAL TERM
Topical term or geographic name entry element Auditing - India - Puducherry
700 ## - ADDED ENTRY--PERSONAL NAME
Personal name Puducherry. Comptroller and Auditor General of India
Holdings
Withdrawn status Lost status Damaged status Not for loan Permanent Location Current Location Date acquired Full call number Barcode Date last seen Price effective from Koha item type
        Indian Institute of Public Administration Indian Institute of Public Administration 2018-08-04 L906x54521 GG31830 2018-08-04 2018-08-04 GG
        Indian Institute of Public Administration Indian Institute of Public Administration 2018-08-04 L906x54521 GG31189 2018-08-04 2018-08-04 GG
        Indian Institute of Public Administration Indian Institute of Public Administration 2018-08-04 L906x54521 GG31188 2018-08-04 2018-08-04 GG
        Indian Institute of Public Administration Indian Institute of Public Administration 2018-08-04 L906x54521 GG31187 2018-08-04 2018-08-04 GG
        Indian Institute of Public Administration Indian Institute of Public Administration 2018-08-04 L906x54521 GG29830 2018-08-04 2018-08-04 GG

Powered by Koha